000 00339nam a2200145Ia 4500
008 150201s1997 xx 000 0 und d
082 _a618.92
_bO1997L
100 _aLEWS, DAVID
245 _aON CALL PEDIATRICS
250 _a1ST
260 _bSAUNDERS
_aPHILADELPHIA
_c1997
300 _a1-417
650 _aPEDODONTICS
942 _2ddc
_cBK
999 _c4030
_d4030